The next 100 years : (Record no. 342344)

000 -LEADER
fixed length control field 01050cam a2200277 a 4500
001 - CONTROL NUMBER
control field 15331789
003 - CONTROL NUMBER IDENTIFIER
control field NUST
005 - DATE AND TIME OF LATEST TRANSACTION
control field 20171221121627.0
008 - FIXED-LENGTH DATA ELEMENTS--GENERAL INFORMATION
fixed length control field 080616s2009 nyub 000 0 eng
010 ## - LIBRARY OF CONGRESS CONTROL NUMBER
LC control number 2008026423
020 ## - INTERNATIONAL STANDARD BOOK NUMBER
International Standard Book Number 9780767923057
040 ## - CATALOGING SOURCE
Original cataloging agency DLC
Transcribing agency DLC
Modifying agency DLC
050 00 - LIBRARY OF CONGRESS CALL NUMBER
Classification number JZ1305
Item number .F75 2009
082 00 - DEWEY DECIMAL CLASSIFICATION NUMBER
Classification number 303.49
Author Mark FRI
100 1# - MAIN ENTRY--PERSONAL NAME
Personal name Friedman, George.
9 (RLIN) 7495
245 14 - TITLE STATEMENT
Title The next 100 years :
Remainder of title a forecast for the 21st century /
Statement of responsibility, etc. George Friedman.
246 30 - VARYING FORM OF TITLE
Title proper/short title Next hundred years
250 ## - EDITION STATEMENT
Edition statement 1st ed.
260 ## - PUBLICATION, DISTRIBUTION, ETC.
Place of publication, distribution, etc. New York :
Name of publisher, distributor, etc. Doubleday,
Date of publication, distribution, etc. 2009.
300 ## - PHYSICAL DESCRIPTION
Extent xii, 253 p. :
Other physical details maps ;
Dimensions 25 cm.
650 #0 - SUBJECT ADDED ENTRY--TOPICAL TERM
Topical term or geographic name entry element International relations
General subdivision History
Chronological subdivision 21st century.
9 (RLIN) 7496
650 #0 - SUBJECT ADDED ENTRY--TOPICAL TERM
Topical term or geographic name entry element Twenty-first century
Form subdivision Forecasts.
9 (RLIN) 7497
650 #0 - SUBJECT ADDED ENTRY--TOPICAL TERM
Topical term or geographic name entry element World politics
Chronological subdivision 21st century
General subdivision Forecasting.
9 (RLIN) 7498
650 #0 - SUBJECT ADDED ENTRY--TOPICAL TERM
Topical term or geographic name entry element International relations
General subdivision Forecasting.
9 (RLIN) 7499
906 ## - LOCAL DATA ELEMENT F, LDF (RLIN)
a 7
b cbc
c orignew
d 1
e ecip
f 20
g y-gencatlg
942 ## - ADDED ENTRY ELEMENTS (KOHA)
Source of classification or shelving scheme
Koha item type Book
Holdings
Withdrawn status Lost status Source of classification or shelving scheme Damaged status Not for loan Collection code Permanent Location Current Location Shelving location Date acquired Total Checkouts Total Renewals Full call number Barcode Date last seen Date last checked out Copy number Price effective from Koha item type
            Central Library (CL) Central Library (CL) Fiction 12/21/2017 2 5 303.49 FRI CL2309 10/30/2024 09/24/2022 1 12/21/2017 Book
            NUST Law School (NLS) NUST Law School (NLS)   07/16/2025 1 1 303.49 FRI NLSD-197 04/28/2026 01/01/2026   07/16/2025 Book
            NUST Law School (NLS) NUST Law School (NLS)   07/16/2025     303.49 FRI NLSD-198 07/16/2025     07/16/2025 Book
            NUST Law School (NLS) NUST Law School (NLS)   07/16/2025     303.49 FRI NLSD-199 07/16/2025     07/16/2025 Book
            NUST Law School (NLS) NUST Law School (NLS)   07/16/2025     303.49 FRI NLSD-200 07/16/2025     07/16/2025 Book
            NUST Law School (NLS) NUST Law School (NLS)   07/16/2025     303.49 FRI NLSD-201 07/16/2025     07/16/2025 Book
            NUST Law School (NLS) NUST Law School (NLS)   07/16/2025     303.49 FRI NLSD-202 07/16/2025     07/16/2025 Book
            NUST Law School (NLS) NUST Law School (NLS)   07/16/2025     303.49 FRI NLSD-203 07/16/2025     07/16/2025 Book
            NUST Law School (NLS) NUST Law School (NLS)   07/16/2025     303.49 FRI NLSD-204 07/16/2025     07/16/2025 Book
            NUST Law School (NLS) NUST Law School (NLS)   07/16/2025     303.49 FRI NLSD-205 07/16/2025     07/16/2025 Book
            NUST Law School (NLS) NUST Law School (NLS)   07/16/2025     303.49 FRI NLSD-206 07/16/2025     07/16/2025 Book
© 2023 Central Library, National University of Sciences and Technology. All Rights Reserved.